Carpeta de matemática 2 /
Guardado en:
| Autor Principal: | |
|---|---|
| Formato: | Libro |
| Publicado: |
Buenos Aires :
Aique,
2001
|
| Edición: | 1a. ed. |
| Series: | 1a ed.
|
| Materias: | |
| Etiquetas: |
Agregar Etiqueta
Sin Etiquetas, Sea el primero en etiquetar este registro!
|
| LEADER | 00723nam a22002295a 4500 | ||
|---|---|---|---|
| 001 | CEM.cems017071 | ||
| 005 | 20170918101731.0 | ||
| 008 | 130507s2001##################000#0#####d | ||
| 003 | CEMS | ||
| 020 | |a 9507016937 | ||
| 082 | 0 | 4 | |a 510 |
| 100 | 1 | |a Abdala, Carlos | |
| 245 | 1 | 0 | |a Carpeta de matemática 2 / |c Carlos Abdala, Luis Garaventa y Mónica Real |
| 250 | |a 1a. ed. | ||
| 260 | |a Buenos Aires : |b Aique, |c 2001 | ||
| 300 | |a 31p. ; 25 cm. | ||
| 490 | 0 | |a 1a ed. | |
| 600 | 1 | 4 | |a 1.Abdala, Carlos.2.Garaventa, Luis3.Real, Monica |
| 653 | |a Matemática 2do. polimodal | ||
| 653 | |a Matemática | ||
| 859 | |a CEMS |b BIB. CEMS - Agricultura |h 510 |i A312 |p A0484.03 |t Ej.1 | ||
| 859 | |a CEMS |b BIB. CEMS - Agricultura |h 510 |i A312 |p A0507.04 |t Ej.2 | ||
